5 Groups of 5- Geography #5 - Statistics

General Stats
  • This quiz has been taken 847 times
  • The average score is 17 of 25
Answer Stats
Hint Answer % Correct
Countries bordering Switzerland Germany
98%
Countries bordering Switzerland France
97%
Countries bordering Switzerland Italy
97%
Countries bordering Switzerland Austria
96%
EU countries bordering Russia Estonia
91%
EU countries bordering Russia Latvia
91%
Countries bordering Switzerland Liechtenstein
91%
EU countries bordering Russia Lithuania
91%
EU countries bordering Russia Finland
88%
EU countries bordering Russia Poland
88%
Inhabited Territories of the United States Puerto Rico
81%
Inhabited Territories of the United States Guam
76%
Autonomous Regions of Italy Sicily
73%
French Overseas Regions / Departments French Guiana
70%
Autonomous Regions of Italy Sardinia
65%
Inhabited Territories of the United States U.S. Virgin Islands
57%
Inhabited Territories of the United States American Samoa
53%
French Overseas Regions / Departments Martinique
51%
French Overseas Regions / Departments Guadeloupe
42%
French Overseas Regions / Departments Réunion
42%
Inhabited Territories of the United States Northern Mariana Islands
34%
French Overseas Regions / Departments Mayotte
29%
Autonomous Regions of Italy Trentino-South Tyrol
19%
Autonomous Regions of Italy Aosta Valley
16%
Autonomous Regions of Italy Friuli Venezia Giulia
16%
No matching quizzes found
Score Distribution
Percent of People with Each Score
Percentile by Number Answered
Your Score History
You have not taken this quiz